Animals in Amharic - Statistics

General Stats
  • This quiz has been taken 25 times
  • The average score is 6 of 39
Answer Stats
English Amharic % Correct
dog wusha
92%
sheep beg
67%
cat dimet
67%
fish asa
50%
pig asama
50%
chicken doro
50%
bird wef
50%
cow lam
42%
horse feres
33%
mouse ayt
25%
lion anbesa
17%
goat fyel
17%
fly zimb
17%
bear dib
8%
snake ebab
8%
ant gundan
8%
spider shererit
8%
hare tnchel
8%
elephant zihon
8%
cheetah aboshemane
0%
tortoise aelee
0%
donkey ahya
0%
frog anqurarit
0%
rooster awradoro
0%
rhino awraris
0%
crocodile azo
0%
butterfly beerabeero
0%
ox berae
0%
duck dakyae
0%
camel gmel
0%
owl gugut
0%
hippo gumarae
0%
turkey jigra
0%
bee nb
0%
tiger nebr
0%
fox qebero
0%
dove rgb
0%
zebra yemaedaahya
0%
monkey zinjero
0%
No matching quizzes found
Score Distribution
Percent of People with Each Score
Percentile by Number Answered
Your Score History
You have not taken this quiz